Normal view
MARC view
- Muhammad Hamza Qureshi
Entry Personal Name
001 - CONTROL NUMBER
- control field: 100316
003 - CONTROL NUMBER IDENTIFIER
- control field: NUST
005 - DATE AND TIME OF LATEST TRANSACTION
- control field: 20221014115931.0
008 - FIXED-LENGTH DATA ELEMENTS
- fixed length control field: 221014|| aca||aabn | a|a d
040 ## - CATALOGING SOURCE
- Original cataloging agency: NUST
- Transcribing agency: NUST
100 ## - HEADING--PERSONAL NAME
- Personal name: Muhammad Hamza Qureshi
670 ## - SOURCE DATA FOUND
- Source citation: Work cat.: (NUST): Muhammad Hamza Qureshi, TH-SOF-2053-Dataset Collection and Mechanism Design for Semi-Automation of Prosthetic Pneumatic Knee Joint, 2022.
